La vida es sueño / (Registro nro. 10557)

Detalles MARC
000 -LEADER
fixed length control field 00856nam a2200289 a 4500
001 - CONTROL NUMBER
control field 0159
003 - CONTROL NUMBER IDENTIFIER
control field DO-SdBNP
005 - DATE AND TIME OF LATEST TRANSACTION
control field 20180313100416.0
007 - PHYSICAL DESCRIPTION FIXED FIELD--GENERAL INFORMATION
fixed length control field 000015997
008 - FIXED-LENGTH DATA ELEMENTS--GENERAL INFORMATION
fixed length control field 100223s 2004 sp a 000 d spa d
020 ## - INTERNATIONAL STANDARD BOOK NUMBER
International Standard Book Number 9707310472
040 ## - CATALOGING SOURCE
Original cataloging agency BPMSU
Language of cataloging spa
Transcribing agency BPMSU
092 ## - LOCALLY ASSIGNED DEWEY CALL NUMBER (OCLC)
Classification number 862.3
Item number C146v
100 1# - MAIN ENTRY--PERSONAL NAME
Personal name Calderón de la Barca, Pedro,
Dates associated with a name 1600–1681.
245 13 - TITLE STATEMENT
Title La vida es sueño /
Statement of responsibility, etc. Pedro Calderón de la Barca.
260 ## - PUBLICATION, DISTRIBUTION, ETC. (IMPRINT)
Place of publication, distribution, etc. Madrid :
Name of publisher, distributor, etc. Punto de Lectura,
Date of publication, distribution, etc. 2004.
Date of manufacture reimpresión 2006
300 ## - PHYSICAL DESCRIPTION
Extent 239 p. :
Other physical details il.;
Dimensions 23 cm.
490 1# - SERIES STATEMENT
Series statement Punto de Lectura
Volume/sequential designation 300/3
500 ## - GENERAL NOTE
General note Tercera reimpresió: enero de 2006
504 ## - BIBLIOGRAPHY, ETC. NOTE
Bibliography, etc
650 #4 - SUBJECT ADDED ENTRY--TOPICAL TERM
Topical term or geographic name as entry element TEATRO ESPAÑOL
650 #4 - SUBJECT ADDED ENTRY--TOPICAL TERM
Topical term or geographic name as entry element LITERATURA ESPAÑOLA
830 #0 - SERIES ADDED ENTRY--UNIFORM TITLE
Uniform title Punto de Lectura
Volume number/sequential designation 300/3
942 ## - ADDED ENTRY ELEMENTS (KOHA)
Source of classification or shelving scheme Dewey Decimal Classification
Koha item type Libros
945 ## - LOCAL PROCESSING INFORMATION (OCLC)
a Inventariado, 2018 /LP
956 ## - LOCAL ELECTRONIC LOCATION AND ACCESS (OCLC)
Host name VMATEO
Access number 10
Compression information 20151217
Logon BMSU
Processor of request 00151
Existencias
Withdrawn status Lost status Source of classification or shelving scheme Damaged status Not for loan Collection code Home library Current library Date acquired Source of acquisition Total Checkouts Barcode Date last seen Price effective from Koha item type Copy number
    Dewey Decimal Classification     Colección General Biblioteca Pública Metropolitana Salomé Ureña Biblioteca Pública Metropolitana Salomé Ureña 06/23/2016 ALFAGUARA   BPMSU18030047 06/23/2016 06/23/2016 Libros  
    Dewey Decimal Classification     Colección General Biblioteca Pública Metropolitana Salomé Ureña Biblioteca Pública Metropolitana Salomé Ureña 06/23/2016 ALFAGUARA   BPMSU16060475 06/23/2016 06/23/2016 Libros ej. 2
    Dewey Decimal Classification       Biblioteca Pública Metropolitana Salomé Ureña Biblioteca Pública Metropolitana Salomé Ureña 06/23/2016 ALFAGUARA   BPMET16060476 06/23/2016 06/23/2016 Libros ej. 3